U.S. income tax treaties /

Text originally prepared for a class. Includes course outline, assignments and supporting materials.

Bibliographic Details
Corporate Author: United States. Internal Revenue Service. Associate Chief Counsel (Finance and Management). Training and Communications Branch
Other Authors: Doernberg, Richard L.
Format: Government Document Book
Language:English
Published: [Washington, D.C.?] : Department of Treasury, Internal Revenue Service, Office of Chief Counsel, [1999]
Subjects:

MARC

Tag First Indicator Second Indicator Subfields
LEADER 00000cam a2200000 a 4500
001 in00000002202
005 20151007050856.0
008 990311s1999 dcua b f000 0 eng d
035 |a (OCoLC)40944911 
035 |9 AJF1878AM 
040 |d GPO  |d DLC  |d MvI  |d UtOrBLW 
043 |a n-us--- 
049 |a UDOC 
074 |a 0956 
086 0 |a T 22.2:T 71 
090 |a KF6306  |b .A78 
245 0 0 |a U.S. income tax treaties /  |c Richard L. Doernberg ; prepared by the Office of the Associate Chief Counsel (Finance and Management), Training and Communications Branch. 
246 3 |a US income tax treaties 
264 1 |a [Washington, D.C.?] :  |b Department of Treasury, Internal Revenue Service, Office of Chief Counsel,  |c [1999] 
300 |a xxii, 407 pages :  |b illustrations ;  |c 28 cm. 
336 |a text  |b txt  |2 rdacontent 
337 |a unmediated  |b n  |2 rdamedia 
338 |a volume  |b nc  |2 rdacarrier 
500 |a Cover title. 
500 |a "NYU/IRS CPE program." 
500 |a Shipping List #: 99-0141-P 
500 |a Shipping List Date: 02/17/99 
520 |a Text originally prepared for a class. Includes course outline, assignments and supporting materials. 
500 |a Shipping list number: 99-0141-P. 
500 |a "March 1999." 
504 |a Includes bibliographical references. 
650 0 |a Double taxation  |z United States  |v Treaties. 
650 0 |a Double taxation  |v Treaties. 
650 0 |a Income tax  |z United States. 
700 1 |a Doernberg, Richard L. 
710 1 |a United States.  |b Internal Revenue Service.  |b Associate Chief Counsel (Finance and Management).  |b Training and Communications Branch. 
999 |a MARS 
999 f f |s 3b452c5a-7641-3e62-ad1b-bee94c589b94  |i c4b55816-c40f-3cf5-adcc-b6e9478d6444  |t 0 
952 f f |p normal  |a Texas A&M University  |b College Station  |c Sterling C. Evans Library  |d Evans: US Documents (Annex 5th floor)  |t 0  |e T 22.2:T 71  |h Superintendent of Documents classification  |i unmediated -- volume  |m A14824466021 
998 f f |a T 22.2:T 71  |t 0  |l Evans: US Documents (Annex 5th floor)